[Event "Chioggia op-B 15th"]
[Site "Chioggia"]
[Date "2022.10.02"]
[Round "5"]
[White "Desideri, Alessandro"]
[Black "Penzo, Amleto"]
[Result "1/2-1/2"]
[WhiteElo "1887"]
[BlackElo "1747"]
[PlyCount "127"]
[EventDate "2022.09.30"]
[EventType "swiss"]
[EventRounds "5"]
[EventCountry "ITA"]
[SourceTitle "EXT 2024"]
[Source "ChessBase"]
[SourceDate "2023.10.10"]
[SourceVersion "1"]
[SourceVersionDate "2023.10.10"]
[SourceQuality "1"]

1. Nf3 c5 2. e4 a6 3. d3 Nc6 4. Nbd2 d6 5. g3 g6 6. Bg2 Bg7 7. 0-0 e5 8. c3 Nge7 9. a4 0-0 10. Re1 Bg4 11. h3 Be6 12. Ng5 Bd7 13. Nc4 Qc7 14. h4 h6 15. Nf3 Be6 16. Ne3 Rad8 17. Nh2 d5 18. Qe2 d4 19. Nc2 c4 20. cxd4 cxd3 21. Qxd3 Nxd4 22. Nxd4 Rxd4 23. Qa3 Rfd8 24. Be3 Rd3 25. Qc5 Qxc5 26. Bxc5 Nc6 27. Nf3 Rb3 28. Rab1 Rdd3 29. Re3 Rxe3 30. Bxe3 Nd4 31. Nd2 Ne2+ 32. Kf1 Nxg3+ 33. Ke1 Rd3 34. Bc5 Nh5 35. Bf1 Rd7 36. Rc1 Nf4 37. Rc3 Bf6 38. Nc4 Bxc4 39. Bxc4 Bxh4 40. Be3 Ng2+ 41. Ke2 Nxe3 42. Rxe3 Bg5 43. Rd3 Rxd3 44. Bxd3 Be7 45. Kf3 a5 46. Kg4 Bc5 47. f4 h5+ 48. Kf3 exf4 49. Kxf4 Kg7 50. b3 f6 51. Bc4 Bd4 52. Bd5 b6 53. Be6 Kf8 54. Kf3 Be5 55. Kg2 Kg7 56. Kf3 Kh6 57. Bf7 Kg5 58. Kg2 f5 59. exf5 Kxf5 60. Kh3 Bf6 61. Be8 h4 62. Bd7+ Kf4 63. Bg4 g5 64. Be6 1/2-1/2

[Event "Chioggia op-B 15th"]
[Site "Chioggia"]
[Date "2022.10.01"]
[Round "3"]
[White "Belloni, Umberto"]
[Black "Penzo, Amleto"]
[Result "1/2-1/2"]
[WhiteElo "1557"]
[BlackElo "1747"]
[PlyCount "109"]
[EventDate "2022.09.30"]
[EventType "swiss"]
[EventRounds "5"]
[EventCountry "ITA"]
[SourceTitle "EXT 2024"]
[Source "ChessBase"]
[SourceDate "2023.10.10"]
[SourceVersion "1"]
[SourceVersionDate "2023.10.10"]
[SourceQuality "1"]

1. d4 Nf6 2. Bf4 g6 3. e3 Bg7 4. Be5 d6 5. Bxf6 Bxf6 6. Be2 Nd7 7. c3 Bg7 8. Nd2 c6 9. h4 h5 10. Ngf3 Nf6 11. Ng5 d5 12. Bd3 e5 13. dxe5 Ne4 14. Ndf3 Nxg5 15. hxg5 Bg4 16. Qc2 Bxf3 17. gxf3 Qxg5 18. f4 Qe7 19. 0-0-0 0-0-0 20. Kb1 Kb8 21. c4 d4 22. e4 Bh6 23. Qd2 Rhg8 24. Rdg1 Qxe5 25. fxe5 Bxd2 26. Rh4 Rge8 27. f4 Be3 28. Rg2 c5 29. a4 Re6 30. Kc2 a6 31. b3 Rde8 32. Kd1 Rb6 33. Kc2 Ree6 34. f5 Rxe5 35. fxg6 fxg6 36. Be2 Rf6 37. Kd3 Rg5 38. Rxg5 Bxg5 39. Rh3 Be3 40. Rf3 Rxf3 41. Bxf3 Kc7 42. e5 b6 43. Ke4 Kd7 44. Bg2 g5 45. Kf5 d3 46. Kf6 d2 47. e6+ Kc7 48. Bf3 g4 49. Be2 Kd6 50. e7 Bg5+ 51. Kxg5 Kxe7 52. Kf4 Kf6 53. Bd1 Ke6 54. Bc2 Kf6 55. Bd1 1/2-1/2

[Event "Chioggia op-B 14th"]
[Site "Chioggia"]
[Date "2019.10.04"]
[Round "1"]
[White "Penzo, Amleto"]
[Black "Bernardi, Matteo"]
[Result "1-0"]
[WhiteElo "1732"]
[BlackElo "1506"]
[PlyCount "43"]
[EventDate "2019.10.04"]
[EventType "swiss"]
[EventRounds "5"]
[EventCountry "ITA"]
[SourceTitle "EXT 2022"]
[Source "ChessBase"]
[SourceDate "2021.10.06"]
[SourceVersion "1"]
[SourceVersionDate "2021.10.06"]
[SourceQuality "1"]

1. d4 d5 2. Nf3 Nf6 3. e3 e6 4. Bd3 Bd6 5. b3 Nbd7 6. Bb2 0-0 7. 0-0 Re8 8. Ne5 c5 9. Nd2 Qe7 10. f4 cxd4 11. exd4 Ba3 12. Bxa3 Qxa3 13. Ndf3 h6 14. g4 Nxe5 15. Nxe5 Qb4 16. Kh1 Nd7 17. g5 Nxe5 18. fxe5 Qf8 19. gxh6 gxh6 20. Rg1+ Kh8 21. Qf3 Bd7 22. Qf6+ 1-0

[Event "Chioggia op-B 13th"]
[Site "Chioggia"]
[Date "2018.09.29"]
[Round "3"]
[White "Penzo, Amleto"]
[Black "Melega, Michele"]
[Result "1-0"]
[WhiteElo "1798"]
[BlackElo "1620"]
[PlyCount "147"]
[EventDate "2018.09.28"]
[EventType "swiss"]
[EventRounds "5"]
[EventCountry "ITA"]
[SourceTitle "EXT 2022"]
[Source "ChessBase"]
[SourceDate "2021.10.06"]
[SourceVersion "1"]
[SourceVersionDate "2021.10.06"]
[SourceQuality "1"]

1. d4 Nf6 2. Nf3 e6 3. e3 d5 4. Bd3 c5 5. b3 Nc6 6. Bb2 cxd4 7. exd4 Bd6 8. 0-0 0-0 9. a3 Qc7 10. Qe2 Bd7 11. Ne5 Rfe8 12. f4 Rad8 13. Nd2 a6 14. Ndf3 h6 15. Nxc6 bxc6 16. Ne5 c5 17. Bxa6 cxd4 18. Bxd4 Bc5 19. Bxc5 Qxc5+ 20. Kh1 Ne4 21. Bd3 f5 22. a4 Bc8 23. a5 Re7 24. b4 Qc7 25. b5 Nc3 26. Qd2 Bb7 27. a6 Ba8 28. b6 Qc5 29. b7 Bxb7 30. axb7 Rxb7 31. Qf2 d4 32. Qf3 Rdb8 33. Ra8 Qd5 34. Rxb8+ Rxb8 35. Qxd5 Nxd5 36. Nc6 Rb2 37. Nxd4 Ne3 38. Re1 Nd5 39. h3 Nxf4 40. Nxe6 Nxd3 41. cxd3 Kf7 42. Nf4 g5 43. Ne2 Kf6 44. g3 Rd2 45. d4 f4 46. Kg2 fxg3 47. Kxg3 Rd3+ 48. Kg2 Kg6 49. Ra1 Rd2 50. Ra6+ Kh5 51. Kf2 g4 52. hxg4+ Kxg4 53. Rxh6 Kg5 54. Re6 Kf5 55. Re8 Kf6 56. Ke3 Ra2 57. Kd3 Kf7 58. Re3 Ra3+ 59. Ke4 Ra7 60. d5 Ke8 61. Kf5+ Kd7 62. Nd4 Ra5 63. Ke5 Ra6 64. Rh3 Ke8 65. Nc6 Ra1 66. Kd6 Rg1 67. Rh8+ Kf7 68. Ne5+ Kg7 69. Re8 Re1 70. Kd7 Rd1 71. d6 Kf6 72. Nc6 Kf7 73. Re2 Rd5 74. Kc7 1-0

[Event "Arco Christmas op 8th"]
[Site "Arco"]
[Date "2017.12.29"]
[Round "5"]
[White "Zenari, Marco"]
[Black "Penzo, Amleto"]
[Result "1-0"]
[WhiteElo "2019"]
[BlackElo "1821"]
[PlyCount "103"]
[EventDate "2017.12.26"]
[EventType "swiss"]
[EventRounds "7"]
[EventCountry "ITA"]
[SourceTitle "CBM 182 Extra"]
[Source "ChessBase"]
[SourceDate "2018.02.23"]
[SourceVersion "1"]
[SourceVersionDate "2018.02.23"]
[SourceQuality "1"]

1. e4 c5 2. Nf3 a6 3. d4 cxd4 4. Nxd4 e6 5. Nc3 Qc7 6. Be2 Nf6 7. 0-0 Bc5 8. Bg5 Bxd4 9. Qxd4 Nc6 10. Qe3 b5 11. Bxf6 gxf6 12. Qh6 Bb7 13. Qxf6 Qe5 14. Qxe5 Nxe5 15. f4 Nc4 16. Bxc4 bxc4 17. Rad1 Rc8 18. Rd4 Rg8 19. Rfd1 Rc7 20. g3 h5 21. Kf2 h4 22. Rg1 hxg3+ 23. Rxg3 Rxg3 24. hxg3 f6 25. Rd1 Kf7 26. Ke3 Bc6 27. Rd4 Bb7 28. Rd2 Bc6 29. Rd4 Bb7 30. e5 f5 31. Na4 Bd5 32. Nb6 Rb7 33. Nxd5 exd5 34. b3 cxb3 35. axb3 Ke6 36. Ra4 Rb6 37. Ra1 Rc6 38. Kd3 Kf7 39. Rh1 Rg6 40. Kd4 Ke6 41. Ra1 Ke7 42. Kxd5 Rxg3 43. Rxa6 Rf3 44. Ra7 Rxf4 45. e6 Rf2 46. Rxd7+ Ke8 47. Ke5 f4 48. Rh7 f3 49. Kf6 Kd8 50. e7+ Kd7 51. Kf7 Re2 52. Kf8 1-0

[Event "Arco Christmas op 8th"]
[Site "Arco"]
[Date "2017.12.26"]
[Round "1"]
[White "Gehrke, Korbinian"]
[Black "Penzo, Amleto"]
[Result "0-1"]
[WhiteElo "1302"]
[BlackElo "1821"]
[PlyCount "108"]
[EventDate "2017.12.26"]
[EventType "swiss"]
[EventRounds "7"]
[EventCountry "ITA"]
[SourceTitle "CBM 182 Extra"]
[Source "ChessBase"]
[SourceDate "2018.02.23"]
[SourceVersion "1"]
[SourceVersionDate "2018.02.23"]
[SourceQuality "1"]

1. e4 c5 2. Nf3 a6 3. d4 cxd4 4. Nxd4 Qc7 5. Nc3 e6 6. a3 Nf6 7. f3 Bc5 8. Nb3 Be7 9. Be3 b5 10. Qd4 Nc6 11. Qb6 Qxb6 12. Bxb6 0-0 13. Bc5 d6 14. Bb6 Bb7 15. Bd3 Nd7 16. Be3 b4 17. Ne2 Rfc8 18. Nbd4 Nxd4 19. Nxd4 d5 20. a4 dxe4 21. Bxe4 Bxe4 22. fxe4 Bf6 23. Rc1 Ne5 24. b3 Ng4 25. Bg1 Rd8 26. Nf3 Rac8 27. h3 Bc3+ 28. Ke2 Nf6 29. e5 Nh5 30. Bh2 g6 31. g4 Ng7 32. Rhd1 h5 33. Bf4 hxg4 34. hxg4 Rd5 35. Rxd5 exd5 36. Kd3 Ne6 37. Bg3 Nc5+ 38. Ke2 Ne4 39. Be1 Bb2 40. Rd1 Rxc2+ 41. Kf1 Nc3 42. Rd2 Rxd2 43. Bxd2 a5 44. Bf4 Ne4 45. Nd2 Nxd2+ 46. Bxd2 Bxe5 47. Ke2 f6 48. Kf3 Kf7 49. Be3 Bc7 50. Bc5 Ke6 51. Bd4 f5 52. g5 Kd7 53. Ke2 Kc6 54. Kd3 Bb6 0-1

[Event "Chioggia op-B 12th"]
[Site "Chioggia"]
[Date "2017.10.07"]
[Round "3"]
[White "Cavazzini, Umberto"]
[Black "Penzo, Amleto"]
[Result "0-1"]
[WhiteElo "1590"]
[BlackElo "1825"]
[PlyCount "102"]
[EventDate "2017.10.06"]
[EventType "swiss"]
[EventRounds "5"]
[EventCountry "ITA"]
[SourceTitle "EXT 2022"]
[Source "ChessBase"]
[SourceDate "2021.10.06"]
[SourceVersion "1"]
[SourceVersionDate "2021.10.06"]
[SourceQuality "1"]

1. d4 Nf6 2. Nf3 g6 3. c4 Bg7 4. Nc3 d5 5. e3 c6 6. Bd3 0-0 7. 0-0 Nbd7 8. b3 dxc4 9. bxc4 Nb6 10. h3 Be6 11. Qe2 Qc7 12. Bb2 Rad8 13. Rac1 Bc8 14. Ne5 Nfd7 15. f4 Nxe5 16. fxe5 f6 17. exf6 exf6 18. c5 Nd5 19. Ne4 Rde8 20. Rf3 Bf5 21. Nd6 Bxd3 22. Qxd3 Re6 23. Re1 f5 24. e4 fxe4 25. Rxf8+ Bxf8 26. Rxe4 Rxe4 27. Qxe4 Bxd6 28. Qe6+ Qf7 29. Qxd6 Qe7 30. Qxe7 Nxe7 31. Kf2 Kf7 32. Ke2 Ke6 33. Kd3 Kf5 34. Bc1 h5 35. g3 Nd5 36. a3 g5 37. Bd2 Nf6 38. Be1 g4 39. h4 Nd5 40. Bd2 Nf6 41. Bg5 Ne4 42. Bf4 Nf2+ 43. Ke3 Nh3 44. Bb8 a6 45. Bc7 Ng1 46. Bd6 Nf3 47. Bf4 Ne1 48. Kd2 Ng2 49. Be5 Ke4 50. Ke2 Ne3 51. Kd2 Nc4+ 0-1

[Event "Chioggia op-B 12th"]
[Site "Chioggia"]
[Date "2017.10.06"]
[Round "1"]
[White "Aprile, Massimo"]
[Black "Penzo, Amleto"]
[Result "0-1"]
[WhiteElo "1592"]
[BlackElo "1825"]
[PlyCount "110"]
[EventDate "2017.10.06"]
[EventType "swiss"]
[EventRounds "5"]
[EventCountry "ITA"]
[SourceTitle "EXT 2022"]
[Source "ChessBase"]
[SourceDate "2021.10.06"]
[SourceVersion "1"]
[SourceVersionDate "2021.10.06"]
[SourceQuality "1"]

1. e4 c5 2. d3 d6 3. Nd2 Nc6 4. Ngf3 g6 5. g3 Bg7 6. Bg2 Nf6 7. 0-0 0-0 8. Re1 e5 9. Nc4 b5 10. Ne3 Rb8 11. Bd2 h6 12. Qc1 Kh7 13. h4 Nd4 14. Nxd4 cxd4 15. Nf1 Be6 16. Nh2 Qd7 17. Rf1 Bh3 18. f3 Bxg2 19. Kxg2 Rbc8 20. g4 a6 21. Rf2 Rc7 22. Ba5 Rc6 23. Qd1 Rfc8 24. Rc1 Qb7 25. a3 Qe7 26. c4 Nd7 27. Be1 Qxh4 28. Rfc2 Qd8 29. cxb5 Rxc2+ 30. Rxc2 axb5 31. b4 Nb6 32. Qc1 Rxc2+ 33. Qxc2 Qc8 34. Qxc8 Nxc8 35. Nf1 Nb6 36. Nd2 Na4 37. Kf2 h5 38. Nb3 Bh6 39. gxh5 gxh5 40. Ke2 Nc3+ 41. Bxc3 dxc3 42. Na1 Kg6 43. Nc2 Kf6 44. d4 h4 45. Kf2 Bf4 46. Kg2 Bc1 47. Kh3 exd4 48. Nxd4 Bxa3 49. Nc2 Bc1 50. Kxh4 Ke5 51. Kg3 Bf4+ 52. Kf2 d5 53. exd5 Kxd5 54. Ke2 Kc4 55. Ne1 Bd6 0-1

[Event "Chioggia op-B 11th"]
[Site "Chioggia"]
[Date "2016.10.09"]
[Round "4"]
[White "Penzo, Amleto"]
[Black "Zanirato, Stefano"]
[Result "1-0"]
[WhiteElo "1756"]
[BlackElo "1897"]
[PlyCount "145"]
[EventDate "2016.10.07"]
[EventType "swiss"]
[EventRounds "5"]
[EventCountry "ITA"]
[SourceTitle "EXT 2022"]
[Source "ChessBase"]
[SourceDate "2021.10.06"]
[SourceVersion "1"]
[SourceVersionDate "2021.10.06"]
[SourceQuality "1"]

1. d4 e5 2. dxe5 Nc6 3. Nf3 Qe7 4. e3 Nxe5 5. Nxe5 Qxe5 6. Bd3 Nf6 7. c3 d5 8. Nd2 Bd6 9. Nf3 Qh5 10. Be2 c6 11. c4 Bg4 12. cxd5 Qxd5 13. Qxd5 Nxd5 14. Nd4 Bb4+ 15. Bd2 Bxd2+ 16. Kxd2 Bxe2 17. Kxe2 g6 18. Rac1 Ke7 19. Rhd1 f5 20. Nb3 Rad8 21. Nc5 b6 22. Nd3 c5 23. Ne5 Ke6 24. f4 g5 25. g3 Rhg8 26. Kf2 h5 27. a3 a5 28. Nc4 a4 29. Re1 b5 30. Na5 Nf6 31. Nb7 Rd2+ 32. Re2 Ne4+ 33. Ke1 Rxe2+ 34. Kxe2 c4 35. fxg5 Rb8 36. Na5 Rd8 37. Rd1 Rxd1 38. Kxd1 Nxg5 39. Nc6 Kd5 40. Nd4 Ne6 41. Nxb5 Nc5 42. Nc3+ Ke5 43. Ke2 Ke6 44. Kf3 Ke5 45. h4 Ke6 46. e4 fxe4+ 47. Nxe4 Nd3 48. Nc3 Nxb2 49. Ke4 Kf6 50. Nd5+ Kg6 51. Nf4+ Kh6 52. Kd4 c3 53. Kxc3 Nd1+ 54. Kb4 Nb2 55. Kb5 Kg7 56. Nxh5+ Kg6 57. Nf4+ Kf5 58. Nd5 Kg4 59. Nc3 Kxg3 60. h5 Nd3 61. h6 Ne5 62. Kxa4 Kg4 63. Kb5 Kg5 64. h7 Nf7 65. a4 Kg6 66. h8Q Nxh8 67. a5 Nf7 68. a6 Nd6+ 69. Kc6 Nc8 70. Nb5 Kf6 71. Kc7 Ne7 72. a7 Nd5+ 73. Kb7 1-0

[Event "Chioggia op-B 11th"]
[Site "Chioggia"]
[Date "2016.10.08"]
[Round "2"]
[White "Penzo, Amleto"]
[Black "Dallaglio, Giovanni"]
[Result "1/2-1/2"]
[WhiteElo "1756"]
[BlackElo "1844"]
[PlyCount "148"]
[EventDate "2016.10.07"]
[EventType "swiss"]
[EventRounds "5"]
[EventCountry "ITA"]
[SourceTitle "EXT 2022"]
[Source "ChessBase"]
[SourceDate "2021.10.06"]
[SourceVersion "1"]
[SourceVersionDate "2021.10.06"]
[SourceQuality "1"]

1. d4 d5 2. Nf3 Nf6 3. e3 g6 4. Be2 Bg7 5. 0-0 0-0 6. b4 c6 7. Bb2 a5 8. a3 Ne4 9. Nbd2 Nd7 10. c4 b6 11. cxd5 Nxd2 12. Qxd2 cxd5 13. b5 Bb7 14. a4 Rc8 15. Rac1 Rxc1 16. Rxc1 Qb8 17. Ba3 Re8 18. Qc2 Rc8 19. Qd2 e6 20. Bd3 Bf8 21. Rxc8 Qxc8 22. Bxf8 Kxf8 23. h3 Qc7 24. Qc2 Qd6 25. Qc3 f6 26. Be2 e5 27. Nd2 e4 28. Nb1 Kg7 29. Qa3 Qe6 30. Qc3 Qd6 31. Qa3 Qf8 32. Qxf8+ Nxf8 33. f3 f5 34. fxe4 dxe4 35. Bc4 Kf6 36. Nc3 Ne6 37. Bd5 Bc8 38. Bc6 Nc7 39. Kf2 Ke6 40. Kg3 g5 41. Kf2 Kd6 42. g4 fxg4 43. hxg4 Bxg4 44. Nxe4+ Ke7 45. Nxg5 Bd1 46. Ne4 Bxa4 47. Nc3 Bb3 48. Ke1 a4 49. Kd2 a3 50. Kc1 h5 51. Ne2 h4 52. Nf4 Kf6 53. d5 Ke5 54. Ng6+ Kd6 55. Nxh4 Nxd5 56. Nf5+ Kc5 57. Bxd5 Bxd5 58. Nd4 Be4 59. Nc2 a2 60. Na1 Kxb5 61. Kb2 Bb1 62. Nb3 Kc4 63. Nd2+ Kd3 64. Nxb1 axb1Q+ 65. Kxb1 Kxe3 66. Kb2 Kd4 67. Kb3 Kc5 68. Kc3 b5 69. Kb3 b4 70. Kb2 Kc4 71. Kc2 b3+ 72. Kb2 Kb4 73. Kb1 Ka3 74. Ka1 b2+ 1/2-1/2

[Event "Mogliano Veneto op-B 34th"]
[Site "Mogliano Veneto"]
[Date "2013.04.25"]
[Round "2"]
[White "Bergamasco, Tommaso"]
[Black "Penzo, Amleto"]
[Result "1-0"]
[WhiteElo "1680"]
[BlackElo "1845"]
[PlyCount "103"]
[EventDate "2013.04.25"]
[EventType "swiss"]
[EventRounds "6"]
[EventCountry "ITA"]
[SourceTitle "EXT 2015"]
[Source "ChessBase"]
[SourceDate "2014.11.20"]
[SourceVersion "1"]
[SourceVersionDate "2014.11.20"]
[SourceQuality "1"]

1. Nf3 Nf6 2. c4 c5 3. g3 b6 4. Nc3 Bb7 5. Bg2 g6 6. d3 Bg7 7. 0-0 0-0 8. Bf4 d6 9. Qc1 e5 10. Bg5 Nbd7 11. e4 a6 12. a4 Re8 13. h3 Nf8 14. Bh6 Ne6 15. Ne2 Qe7 16. Bxg7 Kxg7 17. Nh4 Nh5 18. Bf3 Nhf4 19. Nxf4 Nxf4 20. gxf4 Qxh4 21. fxe5 Qxh3 22. Bg2 Qe6 23. exd6 Qxd6 24. Qc3+ Kg8 25. f4 Rad8 26. Rad1 Qd7 27. a5 bxa5 28. Qxa5 Qd4+ 29. Kh1 Qe3 30. Qc3 Rd4 31. Rf3 Rxc4 32. Rxe3 Rxc3 33. bxc3 f5 34. e5 Bc8 35. d4 cxd4 36. cxd4 Be6 37. d5 Rd8 38. d6 h6 39. Bd5 Kf7 40. Bxe6+ Kxe6 41. Ra1 g5 42. fxg5 hxg5 43. Rxa6 f4 44. Re1 f3 45. Kg1 Rf8 46. Kf2 g4 47. Ra4 Rg8 48. Kg3 Kf5 49. Rf4+ Ke6 50. Rxg4 f2 51. Rf1 Rf8 52. Rxf2 1-0

[Event "Mogliano Veneto op-B 34th"]
[Site "Mogliano Veneto"]
[Date "2013.04.25"]
[Round "1"]
[White "Penzo, Amleto"]
[Black "Viviani, Bruno"]
[Result "1-0"]
[WhiteElo "1845"]
[BlackElo "1729"]
[PlyCount "49"]
[EventDate "2013.04.25"]
[EventType "swiss"]
[EventRounds "6"]
[EventCountry "ITA"]
[SourceTitle "EXT 2015"]
[Source "ChessBase"]
[SourceDate "2014.11.20"]
[SourceVersion "1"]
[SourceVersionDate "2014.11.20"]
[SourceQuality "1"]

1. d4 Nf6 2. Nf3 g6 3. c4 Bg7 4. Nc3 d5 5. e3 0-0 6. Be2 c5 7. h3 Nc6 8. 0-0 cxd4 9. exd4 dxc4 10. Bxc4 e6 11. Bg5 Qa5 12. Be3 Qb4 13. Qb3 Qxb3 14. Bxb3 Ne7 15. Rac1 Bd7 16. Ne5 Rfd8 17. Nxd7 Nxd7 18. Nb5 Nc6 19. Rfd1 a6 20. Nd6 Na5 21. Rc7 Nxb3 22. axb3 e5 23. Nxb7 Ra7 24. dxe5 Rb8 25. Bxa7 1-0

[Event "Chioggia op-B 07th"]
[Site "Chioggia"]
[Date "2012.10.13"]
[Round "2"]
[White "Buranelli, Matteo"]
[Black "Penzo, Amleto"]
[Result "1/2-1/2"]
[WhiteElo "1759"]
[BlackElo "1840"]
[PlyCount "108"]
[EventDate "2012.10.12"]
[EventType "swiss"]
[EventRounds "5"]
[EventCountry "ITA"]
[SourceTitle "EXT 2022"]
[Source "ChessBase"]
[SourceDate "2021.10.06"]
[SourceVersion "1"]
[SourceVersionDate "2021.10.06"]
[SourceQuality "1"]

1. d4 Nf6 2. Nc3 d5 3. Bg5 Nbd7 4. e3 c6 5. a3 e5 6. dxe5 Nxe5 7. Nf3 Bd6 8. Nxe5 Bxe5 9. Bd3 h6 10. Bh4 0-0 11. f4 Bc7 12. 0-0 Bb6 13. Qf3 Qd6 14. Rae1 Re8 15. Na4 Bc7 16. b4 Ne4 17. Bxe4 dxe4 18. Qf2 b6 19. Rd1 Qe6 20. f5 Qa2 21. Bg3 Bxg3 22. Qxg3 Qxc2 23. Rd6 Qxa4 24. Rxh6 Bxf5 25. Rxf5 Rad8 26. h3 Re6 27. Rh8+ Kxh8 28. Qh4+ Rh6 29. Qxd8+ Kh7 30. Rxf7 Qb3 31. Rf8 Qxe3+ 32. Kh2 Qc3 33. Rh8+ Kg6 34. Qe8+ Kg5 35. Rxh6 Kxh6 36. Qxe4 Qf6 37. Qe3+ Kg6 38. g4 Kf7 39. Kg3 Qd6+ 40. Qf4+ Qxf4+ 41. Kxf4 a5 42. bxa5 bxa5 43. Ke5 Kg6 44. h4 c5 45. Kd5 Kf6 46. Kxc5 Ke5 47. Kb5 Kf4 48. Kxa5 Kxg4 49. Kb6 Kxh4 50. a4 g5 51. a5 g4 52. a6 g3 53. a7 g2 54. a8Q g1Q+ 1/2-1/2

[Event "Cavarzere op 14th"]
[Site "Cavarzere"]
[Date "2011.10.16"]
[Round "2.8"]
[White "Penzo, Amleto"]
[Black "Bacchini, Stefano"]
[Result "1-0"]
[WhiteElo "1821"]
[BlackElo "2040"]
[PlyCount "99"]
[EventDate "2011.10.15"]
[EventType "swiss"]
[EventRounds "6"]
[EventCountry "ITA"]
[SourceTitle "EXT 2023"]
[Source "ChessBase"]
[SourceDate "2022.10.05"]
[SourceVersion "1"]
[SourceVersionDate "2022.10.05"]
[SourceQuality "1"]

1. d4 d5 2. Nf3 Nf6 3. e3 g6 4. Bd3 c5 5. dxc5 Qa5+ 6. Bd2 Qxc5 7. Bc3 Bg7 8. 0-0 Nc6 9. Nbd2 0-0 10. a3 Re8 11. Nb3 Qd6 12. Nbd4 e5 13. Nxc6 bxc6 14. Be2 Ne4 15. Ba5 Qc5 16. Bb4 Qb6 17. c4 c5 18. Be1 d4 19. exd4 exd4 20. Qc2 Rb8 21. Rb1 Bg4 22. Nxd4 Bxd4 23. Bxg4 Nf6 24. Bf3 Qe6 25. b4 h5 26. Bd2 Ng4 27. Bd5 Qe2 28. Qxg6+ Kh8 29. Qxh5+ Kg7 30. Qxf7+ Kh8 31. Qh5+ Kg7 32. Qg5+ Kh8 33. Qh4+ Kg7 34. Rbe1 Bxf2+ 35. Rxf2 Qxf2+ 36. Qxf2 Nxf2 37. Rxe8 Nh3+ 38. gxh3 Rxe8 39. bxc5 Kf6 40. c6 Ke7 41. Bb4+ Kd8 42. Kg2 Kc7 43. Kg3 Kb6 44. h4 a5 45. Bd6 Rh8 46. c7 a4 47. Be6 Kc6 48. c8Q+ Rxc8 49. Bxc8 Kxd6 50. h5 1-0

[Event "Cavarzere op 14th"]
[Site "Cavarzere"]
[Date "2011.10.15"]
[Round "1.22"]
[White "Scandiuzzi, Roberto"]
[Black "Penzo, Amleto"]
[Result "0-1"]
[WhiteElo "1320"]
[BlackElo "1821"]
[PlyCount "64"]
[EventDate "2011.10.15"]
[EventType "swiss"]
[EventRounds "6"]
[EventCountry "ITA"]
[SourceTitle "EXT 2023"]
[Source "ChessBase"]
[SourceDate "2022.10.05"]
[SourceVersion "1"]
[SourceVersionDate "2022.10.05"]
[SourceQuality "1"]

1. d4 Nf6 2. Nf3 g6 3. e3 Bg7 4. Bd3 d6 5. 0-0 0-0 6. c4 c5 7. d5 e6 8. e4 exd5 9. exd5 Na6 10. Bg5 Qb6 11. Bc1 Nb4 12. Nc3 Nxd3 13. Qxd3 Bf5 14. Qd1 a6 15. h3 Rfe8 16. g4 Bd7 17. Rb1 h5 18. g5 Ne4 19. Nxe4 Rxe4 20. b3 Bxh3 21. Re1 Rxe1+ 22. Qxe1 Bf5 23. Bf4 Bxb1 24. Qxb1 Re8 25. Qd3 Qd8 26. Be3 Qe7 27. Kf1 Qe4 28. Ke2 Bd4 29. Qxe4 Rxe4 30. Kd3 Rg4 31. Nxd4 cxd4 32. Bxd4 h4 0-1

[Event "Mogliano Veneto op-B 32nd"]
[Site "Mogliano Veneto"]
[Date "2011.05.01"]
[Round "5"]
[White "Megna, Giuseppe"]
[Black "Penzo, Amleto"]
[Result "0-1"]
[WhiteElo "1890"]
[BlackElo "1783"]
[PlyCount "120"]
[EventDate "2011.04.29"]
[EventType "swiss"]
[EventRounds "5"]
[EventCountry "ITA"]
[SourceTitle "EXT 2024"]
[Source "ChessBase"]
[SourceDate "2023.10.10"]
[SourceVersion "1"]
[SourceVersionDate "2023.10.10"]
[SourceQuality "1"]

1. d4 Nf6 2. c4 g6 3. Nc3 Bg7 4. e4 d6 5. f3 0-0 6. Be3 c5 7. dxc5 Qa5 8. cxd6 Rd8 9. Qc1 Rxd6 10. Bd2 Qe5 11. Be3 Qa5 12. Rb1 Nc6 13. a3 e5 14. b4 Qd8 15. c5 Rd7 16. Bg5 a6 17. Bc4 Nd4 18. Nd5 Rb8 19. Ne2 h6 20. Nxd4 hxg5 21. Qxg5 exd4 22. Nb6 Re7 23. Nxc8 Rxc8 24. Bd3 Nd5 25. 0-0 Ne3 26. Rfc1 Re5 27. Qxd8+ Rxd8 28. c6 b5 29. f4 Re7 30. Kf2 Rc7 31. e5 Rdc8 32. Be4 Nc4 33. Rd1 Nxa3 34. Ra1 Nc4 35. Rxa6 Bf8 36. Rxd4 Bxb4 37. Rd1 Bc3 38. g4 b4 39. Rd6 b3 40. Ke2 b2 41. Rd1 Nd2 42. Rxd2 Bxd2 43. Kxd2 Rxc6 44. Ra2 Rb6 45. Bc2 b1Q 46. Bxb1 Rxb1 47. Kd3 Rf1 48. Ra4 Rf2 49. h4 Rh2 50. h5 gxh5 51. g5 h4 52. Ke3 Rh3+ 53. Ke4 Rhc3 54. Ra6 h3 55. Rh6 Kg7 56. Kd4 R8c4+ 57. Kd5 Rxf4 58. e6 fxe6+ 59. Kxe6 Rc6+ 60. Ke5 Rxh6 0-1

[Event "Mogliano Veneto op-B 32nd"]
[Site "Mogliano Veneto"]
[Date "2011.04.30"]
[Round "2"]
[White "Zamengo, Bruno"]
[Black "Penzo, Amleto"]
[Result "1/2-1/2"]
[WhiteElo "1890"]
[BlackElo "1783"]
[PlyCount "78"]
[EventDate "2011.04.29"]
[EventType "swiss"]
[EventRounds "5"]
[EventCountry "ITA"]
[SourceTitle "EXT 2024"]
[Source "ChessBase"]
[SourceDate "2023.10.10"]
[SourceVersion "1"]
[SourceVersionDate "2023.10.10"]
[SourceQuality "1"]

1. e4 c5 2. Nf3 d6 3. d4 cxd4 4. Nxd4 Nf6 5. Nc3 a6 6. Be2 e5 7. Nb3 Be7 8. 0-0 0-0 9. Be3 Be6 10. Nd5 Nxd5 11. exd5 Bf5 12. c4 Nd7 13. Rc1 b6 14. Bd3 Bxd3 15. Qxd3 Bg5 16. Qd2 Bxe3 17. Qxe3 f5 18. Rc3 f4 19. Qe2 Qg5 20. f3 Nf6 21. Nd2 h5 22. Ne4 Nxe4 23. fxe4 Ra7 24. b4 Raf7 25. Rff3 Qh6 26. Qf2 Rb8 27. Ra3 a5 28. bxa5 bxa5 29. Rfb3 Rfb7 30. Qc2 Qg5 31. Kf1 Qd8 32. Qc3 Rb4 33. Qd3 Qc7 34. Rxb4 Rxb4 35. Rc3 Qc5 36. Qc2 Kh7 37. h3 Qb6 38. Rb3 Qc5 39. Rc3 Qb6 1/2-1/2

[Event "Mogliano Veneto op-B 31st"]
[Site "Mogliano Veneto"]
[Date "2010.05.02"]
[Round "4"]
[White "Pasqualetto, Lorenzo"]
[Black "Penzo, Amleto"]
[Result "0-1"]
[WhiteElo "1651"]
[BlackElo "1761"]
[PlyCount "52"]
[EventDate "2010.04.30"]
[EventType "swiss"]
[EventRounds "5"]
[EventCountry "ITA"]
[SourceTitle "EXT 2023"]
[Source "ChessBase"]
[SourceDate "2022.10.05"]
[SourceVersion "1"]
[SourceVersionDate "2022.10.05"]
[SourceQuality "1"]

1. e4 c5 2. Nf3 d6 3. d4 cxd4 4. Nxd4 Nf6 5. Nc3 a6 6. Bg5 e6 7. f4 b5 8. Qf3 Bb7 9. Bd3 Be7 10. 0-0-0 Nbd7 11. g4 Nc5 12. Bxf6 Bxf6 13. Nce2 Qa5 14. Kb1 Na4 15. Nb3 Qc7 16. Ned4 0-0 17. g5 Bxd4 18. Nxd4 Rac8 19. h4 Nxb2 20. Kxb2 Qc3+ 21. Kb1 Qxd4 22. Rhe1 Rc3 23. Qg4 Rfc8 24. g6 hxg6 25. h5 Rxd3 26. Rxd3 Qb4+ 0-1

[Event "Mogliano Veneto op-B 31st"]
[Site "Mogliano Veneto"]
[Date "2010.05.02"]
[Round "5"]
[White "Penzo, Amleto"]
[Black "Pompili, Alberto"]
[Result "1-0"]
[WhiteElo "1761"]
[BlackElo "1849"]
[PlyCount "65"]
[EventDate "2010.04.30"]
[EventType "swiss"]
[EventRounds "5"]
[EventCountry "ITA"]
[SourceTitle "EXT 2023"]
[Source "ChessBase"]
[SourceDate "2022.10.05"]
[SourceVersion "1"]
[SourceVersionDate "2022.10.05"]
[SourceQuality "1"]

1. d4 e6 2. Nf3 d5 3. e3 c6 4. Bd3 f5 5. 0-0 Nf6 6. c4 Bd6 7. b3 0-0 8. Ba3 Bxa3 9. Nxa3 Qe7 10. Nc2 Ne4 11. Ne5 Nd7 12. f4 Ndf6 13. Ne1 Bd7 14. N1f3 Be8 15. Bxe4 fxe4 16. Ng5 h6 17. Nh3 Nd7 18. Nxd7 Bxd7 19. Nf2 Be8 20. Qe1 Bg6 21. Ng4 Kh7 22. Ne5 Rad8 23. c5 Qf6 24. g4 Qe7 25. Qg3 Qe8 26. Rf2 Kg8 27. Raf1 Bh7 28. g5 hxg5 29. Qxg5 Rf5 30. Qg3 Qe7 31. Rg2 Kh8 32. Qh3 Kg8 33. Kf2 1-0